[Event "Klubbmesterskapet 2020 (A)"]
[Site "Ås, Viken NOR"]
[Date "2020.02.20"]
[Round "3"]
[White "Kielland-Lund, Jon"]
[Black "Furnes, Torstein"]
[Result "1-0"]
[WhiteElo "1712"]
[BlackElo "1766"]
[PlyCount "161"]
[EventDate "2020.01.16"]

1. c4 e5 2. Nc3 Nf6 3. Nf3 Nc6 4. g3 Bb4 5. Bg2 O-O 6. O-O d6 7. d3 Bxc3 8.
bxc3 Bg4 9. Bg5 h6 10. Bxf6 Qxf6 11. Nd2 Qe6 12. Rb1 Rab8 13. Re1 Kh8 14. Qa4
Qd7 15. Rxb7 Rxb7 16. Bxc6 Qc8 17. Bxb7 Qxb7 18. Rb1 Qa8 19. f3 Be6 20. Qb5 c6
21. Qb7 Qxb7 22. Rxb7 Ra8 23. a3 Kg8 24. Ne4 d5 25. cxd5 cxd5 26. Nc5 Kf8 27.
d4 exd4 28. cxd4 Bc8 29. Rb3 Ke7 30. Kf2 g5 31. Re3+ Be6 32. Rb3 Bc8 33. e4
dxe4 34. fxe4 Kd6 35. h4 g4 36. Ke3 Ke7 37. Kf4 Kf6 38. Rb2 h5 39. Rb4 Be6 40.
Rb7 a5 41. a4 Bc4 42. Rb6+ Kg7 43. Kg5 Rd8 44. Kxh5 Rxd4 45. Kxg4 Rd1 46. Rb7
Be2+ 47. Kf4 Rc1 48. Nb3 Rc4 49. Nxa5 Rxa4 50. Nc6 Bd3 51. Rb4 Ra6 52. Nd4 Ra1
53. Nf5+ Kg6 54. Rb6+ Kh7 55. Rd6 Rf1+ 56. Ke3 Bb1 57. Rd4 Re1+ 58. Kf4 Rf1+
59. Ke5 Re1 60. h5 Rg1 61. Rd7 Ba2 62. Rd4 Be6 63. Kf4 Rf1+ 64. Kg5 Rg1 65. g4
Rf1 66. Kf6 Rf4 67. Kg5 Rf1 68. Rd3 Re1 69. Re3 Rg1 70. Rf3 Re1 71. Rf4 Rd1 72.
Kf6 Rg1 73. g5 Bb3 74. Nd6 Kg8 75. e5 Rh1 76. g6 Rxh5 77. gxf7+ Kf8 78. Rg4
Rh6+ 79. Rg6 Rh8 80. e6 Bxe6 81. Kxe6 1-0

[Event "Klubbmesterskapet 2020 (B)"]
[Site "Ås, Viken NOR"]
[Date "2020.02.24"]
[Round "3"]
[White "Thowsen, Alf Geir"]
[Black "Simonsen, Steinar"]
[Result "1/2-1/2"]
[WhiteElo "1381"]
[BlackElo "1491"]
[PlyCount "108"]
[EventDate "2020.01.16"]

1. e4 e5 2. Nf3 Nc6 3. Bb5 d6 4. Nc3 Bd7 5. O-O Nf6 6. h3 a6 7. Ba4 Be7 8. d3
O-O 9. a3 Nd4 10. Bxd7 Nxf3+ 11. Qxf3 Qxd7 12. Be3 c6 13. Rfd1 Rfd8 14. Bb6 Re8
15. Be3 Rac8 16. d4 Qc7 17. dxe5 dxe5 18. Rd3 b5 19. b4 a5 20. Bc5 Bxc5 21.
bxc5 Qa7 22. Qe3 Nd7 23. Ne2 Re7 24. Rad1 Rd8 25. Qg5 f6 26. Qe3 Kf7 27. Ng3 g6
28. Qf3 Qxc5 29. Rc3 Qb6 30. Rd6 Re6 31. Rcxc6 Rxd6 32. Rxb6 Nxb6 33. Qb3+ Ke7
34. Qxb5 a4 35. Qc5 Rc8 36. Qe3 Rh8 37. h4 Nc4 38. Qc3 Rc8 39. h5 Nb6 40. Qb4
Rxc2 41. Qa5 Rc1+ 42. Kh2 Rc2 43. Qa7+ Nd7 44. Qxa4 Rdc6 45. Nf1 R6c4 46. Qb5
Rc5 47. Qb4 Rxf2 48. Ne3 Rf4 49. Nd5+ Kd6 50. Nxf4 exf4 51. hxg6 hxg6 52. a4 g5
53. a5 Kc6 54. Kh3 Rc1 1/2-1/2

[Event "Klubbmesterskapet 2020 (A)"]
[Site "Ås, Viken NOR"]
[Date "2020.02.18"]
[Round "4"]
[White "Aamodt, Peder Marcus"]
[Black "Kielland-Lund, Jon"]
[Result "1-0"]
[WhiteElo "1696"]
[BlackElo "1712"]
[Annotator "Aamodt, Peder Marcus"]
[PlyCount "89"]
[EventDate "2020.01.16"]

1. d4 d5 2. Nf3 Nf6 3. e3 Bf5 4. c4 e6 (4... c6 {er et annet alternativ}) 5.
Nc3 c6 6. Bd3 Bxd3 7. Qxd3 Be7 8. O-O Nbd7 9. e4 {en tematisk idè i disse type
stillinger} dxe4 10. Nxe4 O-O (10... Nxe4 11. Qxe4 Nf6 12. Qe2 O-O 13. Rd1 {
blir samme stilling som i partiet}) 11. Rd1 Nxe4 12. Qxe4 Nf6 13. Qe2 Qc7 14.
Bg5 Rad8 15. Rac1 $146 {fram til dette trekket har begge spilt eksemplarisk
ifølge Stockfish og chessbase sin database} Rfe8 16. Qe5 {prøver å lure svart}
Bd6 (16... Qxe5 {er et naturlig trekk, men det er ganske svakt} 17. dxe5 Nd7 (
17... Nh5 18. Bxe7 Rc8 19. Ba3) 18. Bxe7 Rxe7 19. Rd6) 17. Qe2 Be7 {svart er
førnøyd med remis} 18. Bh4 (18. Bd2 {var ett annet alternativ}) 18... c5 19.
Bg3 Qa5 $6 (19... Qb6 {var nok en praktisk bedre løsning}) 20. a3 cxd4 21. Nxd4
{og her er stillingen lik, men det er fortsatt vanskelig for svart} a6 22. c5
$1 {et vanskelig trekk å finne med hvit} Rd5 $1 {og igjen ett vanskelig trekk
å finne for svart} 23. c6 bxc6 $2 {her var det kritisk å spille Db6 alt annet
taper} (23... Qb6 24. b4 Rc8 25. cxb7 Qxb7 $13) 24. Nxc6 Qb5 25. Qxb5 axb5 $6 (
25... Rxd1+ {var bedre} 26. Rxd1 axb5 27. Nxe7+ Rxe7 28. Rd8+ Re8 29. Rxe8+
Nxe8 {hadde vært en bedre løsning enn det som skjedde i partiet}) 26. Nxe7+
Rxe7 27. Rxd5 exd5 28. Rc8+ Re8 29. Rxe8+ Nxe8 30. Be5 f6 31. Bb8 Kf7 32. Kf1
Ke6 33. Ke2 Nd6 {avgjørende "feil"} (33... Kd7 34. Kd3 g6 35. Kd4 Kc6 36. b3 {
og så er det lettere å holde remis, men fortsatt ekstremt vanskelig}) 34. Bxd6
Kxd6 35. Kd3 Kc5 36. b3 g6 37. a4 bxa4 38. bxa4 Kb4 39. Kd4 Kxa4 40. Kxd5 Kb5
41. g4 {og her er det lett} f5 42. gxf5 gxf5 43. Ke5 Kc5 44. Kxf5 Kd5 45. f4
1-0

[Event "Klubbmesterskapet 2020 (B)"]
[Site "Ås, Viken NOR"]
[Date "2020.02.20"]
[Round "4"]
[White "Simonsen, Steinar"]
[Black "Skaret, Runar"]
[Result "1-0"]
[WhiteElo "1491"]
[BlackElo "1265"]
[Annotator "Skaret, Runar"]
[PlyCount "131"]
[EventDate "2020.01.16"]

1. e4 {vurdert av runar & stockfish. et parti der jeg overvurderte min egen
stilling og trodde jeg rota bort et parti jeg burde vunnet. men i følge
stockfish var det eneste trekket jeg hadde overtak nummer 43. bortsett fra det
var det enten helt jevnt eller stooor fordel steinar gjennom hele partiet.} e6
2. Nf3 d5 3. exd5 exd5 4. d4 {c01 french/exchange variation} Nf6 5. Bd3 Nc6 {
f-løper ut eller c6 er bedre, +0,6} 6. O-O Bg4 7. Be3 Bd6 8. Nc3 Qd7 9. h3 Bf5
10. Bg5 Bxh3 {det store spørsmålet: er det greit å ofre løperen mot to bønder
her? stockfish sier nei. +3,0. hvit kan ta løperen, men må spille veldig mange
nøyaktige trekk etter ..Qxh3 for å beholde fordelen. ikke lett å se.} 11. Re1+
{steinar tar ikke løperen. selv om jeg nå kan spille Be6 og dekke opp med
bonde over, liker ikke stockfish posisjonen. +0,6} Be7 {jeg beholder presset.
stockfish liker ikke dette. +5,0} 12. Ne5 Nxe5 13. dxe5 Ng8 14. Bxe7 {gxh3
liker stockfish bedre. +3,6} Nxe7 15. gxh3 Qxh3 16. Re3 Qd7 17. Rg3 g6 18. Qe2
c6 19. Re1 O-O-O 20. b4 Nf5 21. Bxf5 gxf5 22. e6 Qe7 23. exf7 Qxf7 24. Qe6+
Qxe6 25. Rxe6 Rhg8 26. Rf6 Rxg3+ 27. fxg3 Rg8 {begge sider har spilt stort
sett det vi må spille de siste 13 trekkene. +3,4} 28. Kf2 {Ne2 er bedre. +2,3}
Rg5 {stockfish anbefaler å gi opp f5, og spille Rg4 som angriper b4 evt truer
Rc4 isteden. +4,9} 29. Kf3 {gir meg en ny sjans til Rg4. +3,3} h6 {+5,4} 30.
Kf4 {+2,8} Rg4+ 31. Kxf5 {Ke5 er bedre. +1,5} (31. Ke5 Rxg3 32. Kd6 Rg8 33.
Rxh6 {tar en bonde og binder det svarte tårnet på bakerste rad}) 31... Rxg3 32.
Ne2 Rg2 (32... Rf3+ {jeg angret etterpå at jeg ikke spilte dette for så å
bytte av tårn. god ide sier stockfish, og spiller Nf4. +2,9. Kg6 for så å
bytte tårn gir 0,0.}) 33. Nf4 {Re6 var bedre +0,7} Rxc2 34. Ke6 {truer Kd6 og
så Rf8#} Kc7 35. a4 Rc4 36. a5 Re4+ {nødvendig} 37. Kf5 {nå sier computeren at
det er dønn likt. +0,0} Rxb4 38. Rf7+ Kd6 39. Rf6+ {jeg kan gå Kc7 og repetere,
men jeg har vel større ambisjoner enn det} Kd7 40. Rf7+ Ke8 {[%eval 32720,0]
ambisjoner er skummelt i sjakk.} 41. Rh7 {Rc7 eller Rg7 var bedre. . +13,7} (
41. Rg7 Rb1 42. Ne6 Rf1+ 43. Ke5 Rf7 44. Rg8+ Ke7) 41... Ra4 42. Ke6 {mister
hesten og fordelen. -0,0} Rxf4 {jeg føler at jeg vinner her med alle bøndene.
men hvit's initiativ er overraskende nok like mye verdt som alle de ekstra
bøndene.} 43. Rxb7 {truer Rb8#. men dette er et feiltrekk. det tillater Re4+
som fulgt av d4 gir svart initiativet, og for eneste gang i partiet tar jeg
føringen, -8,7} Kd8 {men jeg misser sjansen. +0,0} (43... Re4+ 44. Kd6 d4) 44.
Rxa7 Kc8 45. a6 d4 46. Rh7 d3 {[%eval 32712,0] og dette er vel den største
tabben i partiet. forrige gang tårnet var her måtte jeg passe meg for en matt
her nede. siden den matten ikke var mulig lenger så ignorerte jeg det trekket..
.} 47. Rh8+ Kc7 48. a7 Re4+ 49. Kf5 Ra4 50. a8=Q Rxa8 51. Rxa8 c5 52. Ke4 c4
53. Ke3 Kc6 54. Rh8 Kc5 55. Rxh6 Kb4 56. Rh4 Kc3 57. Rd4 Kb3 {[%eval 32738,0]}
58. Rd8 Kc2 59. Rd7 {c3 gir +0,0} Kc3 (59... c3 60. Rxd3 Kb2 {alle andre trekk
taper for svart. men her klarer ikke hvit å ta bonden med tårnet uten å miste
det fordi kongen hans ikke kan komme nær nok til å beskytte det.}) 60. Rd6 Kc2
61. Rd7 {siste mulighet til c3} Kc3 {[%eval 32736,0]} 62. Rd4 Kb3 63. Kd2 Kb4
64. Rd8 Kc5 65. Kc3 Kb5 66. Rd4 {[%eval 32744,0]} 1-0

[Event "Klubbmesterskapet 2020 (A)"]
[Site "Ås, Viken NOR"]
[Date "2020.02.13"]
[Round "4"]
[White "Lea, Per"]
[Black "Lund, Petter"]
[Result "1-0"]
[WhiteElo "1712"]
[BlackElo "1600"]
[Annotator "Lea, Per"]
[PlyCount "79"]
[EventDate "2020.01.16"]

1. e4 e5 2. Nf3 Nc6 3. Bb5 a6 4. Ba4 Nf6 5. O-O b5 6. Bb3 d6 7. Ng5 ({
Objektivt sett er nok trekk som} 7. d3) ({og} 7. c3) ({og} 7. Re1 {bedre, men
det var for fristende å tvinge svart til å bruke 2 trekk etter hverandre med
d-bonden for å komme fra d7 til d5. Dessuten ante jeg konturene av samme poeng
som i "Fried liver attack", som svart spilte mot David Johnson i
klubbmesterskapet 2018 - et helt vilt parti hvor blant annet svarts konge
hadde tatt seg en tur innom b2. Og det enda hvit hadde flere offiserer med på
kongejakten.}) 7... d5 8. exd5 Nxd5 $4 (8... Nd4 $1 {Dette fungerer her, men
ikke i "stekt lever-varianten". Der står nemlig løperen på c4 og er ikke truet
av springeren, hvilket den er her - et poeng som hvit helt overser.}) 9. Nxf7 (
9. Qf3 {ble vurdert, men} Be6 {tar brodden av det verste angrepet. Hvit ville
allikevel stått klart best også i den varianten.}) 9... Kxf7 10. Qf3+ Ke6 (
10... Ke7 11. Bxd5 Nd4 12. Qf7+ Kd6 13. Nc3 Bf5 {er like håpløst}) 11. Nc3 Nce7
12. d4 Bb7 13. Re1 (13. Bg5 c6 14. Rfe1 {er enda mer overbevisende}) 13... c6 (
13... Kd7 {gir tilbake offiseren uten kamp, men det er ikke spesielt fristende
med en "løs" konge i sentrum}) 14. Rxe5+ Kd7 15. Nxd5 Nxd5 16. Qf7+ Kc8 {Det
minste av flere onder} (16... Be7 17. Bxd5 cxd5 18. Bg5) (16... Ne7 17. Bg5 Kc7
18. Rxe7+ Bxe7 19. Bxe7 Qd7 20. Be6) 17. Re8 Bd6 18. Rxd8+ Rxd8 19. Bg5 {
Kanskje en unøyaktighet, men enkeltspilt: kombinerer utvikling med
bondegevinst - vi materialister er fornøyde med det.} Rd7 20. Qg8+ Kc7 21. Qxh7
Nf6 22. Qf5 {Selv med solid materiell fordel må hvit passe seg litt. Svart kan
fort få motspill med et potensielt farlig løperpar og ett eller to tårn i
h-linja, alle pekende mot hvits kongestilling.} Re8 23. Bf4 (23. Bxf6 gxf6 24.
Qxf6 {er også greit, men jeg fryktet} Rde7 {og hvit kan ikke uten videre lufte
med g- eller h-bonden. Men det enkle} 25. Rf1 {hindrer svart i få noe særlig
motspill}) 23... Rde7 24. Bxd6+ Kxd6 25. Kf1 Kc7 26. Qd3 Rd8 {Det virker litt
ulogisk å gi opp tårndoblinga i e-linja. Dobling i d-linja blir ikke like
effektfullt.} 27. Re1 Red7 28. c3 Kb6 29. a4 a5 30. axb5 cxb5 31. Re6+ Bc6 32.
Qf3 Rd6 33. Rxd6 Rxd6 34. Qg3 Rd7 35. Be6 Rc7 36. Qd6 Ne4 37. Qd8 a4 38. d5
Bxd5 39. Bxd5 Nc5 40. Qd6+ {Tårnet faller, og det er matt i høyst 5 trekk} 1-0

[Event "Klubbmesterskapet 2020 (A)"]
[Site "Ås, Viken NOR"]
[Date "2020.02.13"]
[Round "4"]
[White "Furnes, Torstein"]
[Black "Rønbeck, Bjørn"]
[Result "1-0"]
[WhiteElo "1766"]
[BlackElo "1585"]
[Annotator "Furnes, Torstein"]
[PlyCount "97"]
[EventDate "2020.01.16"]

1. d4 d6 2. c4 Nf6 3. Nc3 g6 4. e4 Bg7 5. Nf3 a6 6. Be2 O-O 7. O-O h6 8. Be3
Nbd7 9. Qd2 Kh7 10. Rac1 Ng4 11. Bf4 ({Stockfish vil spille} 11. Ng5+ $1 hxg5
12. Bxg4 $16) 11... e5 12. dxe5 Ngxe5 13. Rfd1 Re8 14. Nd4 Nc5 15. b4 Ne6 16.
Be3 Nxd4 17. Bxd4 Bg4 $2 $18 18. Bxe5 dxe5 ({Etter} 18... Bxe2 19. Bxg7 {truer
hvit matt med Dxh6#, så svart kan ikke slå tårnet på d1.}) 19. Bxg4 Qxd2
20. Rxd2 c6 21. Rd7 Rab8 22. Rxf7 h5 23. Bh3 Red8 24. Rd1 Rxd1+ 25. Nxd1 Rd8
26. Rd7 Rb8 27. Nc3 Kh6 28. f3 Bf8 29. a3 a5 30. c5 axb4 31. axb4 b6 32. Rc7
bxc5 33. Rxc6 $6 ({Stockfish vil heller spille} 33. bxc5 Bxc5+ 34. Kf1) 33...
cxb4 34. Bf5 $2 {Jeg antok at svart ikke kunne spille bxc3 pga Txg6+ og
deretter avdekkersjakk som vinner tårnet.} Kg7 ({Men svart kunne likevel ha
slått springeren:} 34... bxc3 35. Rxg6+ Kh7 {og nå er hvits beste trekk å
spille Tc6+ og deretter Txc3. Det planlagte} 36. Rb6+ Kg7 {vurderes av
Stockfish som remis (0.00) dersom hvit nå spiller Tc6 eller Tg6+. Hvis hvit
tar tårnet, går det galt:} 37. Rxb8 $4 Bc5+ $1 38. Kf1 c2 {og svart vinner})
35. Rxg6+ Kf7 36. Nb1 $2 {Ikke det beste feltet for springeren. Det var bedre
å gå til a4 eller d1.} b3 ({Etter} 36... Rd8 {fulgt av Td1 vinner svart
springeren.}) 37. Rc6 b2 38. Kf2 Ra8 39. Rc2 Bc5+ 40. Rxc5 Ra1 41. Nc3 h4 42.
Rb5 Rc1 43. Rxb2 Rxc3 44. g3 hxg3+ 45. hxg3 Kf6 46. Rb6+ Kg5 47. Kg2 Rc1 48.
Re6 Kh5 49. Rxe5 1-0

[Event "Klubbmesterskapet 2020 (A)"]
[Site "Ås, Viken NOR"]
[Date "2020.02.13"]
[Round "4"]
[White "Johansen, Anders Sten"]
[Black "Moberg, Jan Rune"]
[Result "0-1"]
[WhiteElo "1810"]
[BlackElo "1631"]
[Annotator "Lea, Per"]
[PlyCount "86"]
[EventDate "2020.01.16"]

1. e4 e6 2. d4 a6 ({"Alle" spiller selvfølgelig} 2... d5 {- fordi det er det
objektivt sett beste trekket. Men vi heier på spillere som er subjektive!}) 3.
c4 b5 4. cxb5 axb5 5. Bxb5 {Svart har gått fra fransk til en Benkö-liknende
stilling. Hvor godt det er, vil vise seg.} Bb7 6. Bd3 Nf6 (6... f5 {er et
naturlig trekk i sånne stillinger, men da svart ha kontroll over hva som kan
skje:} 7. exf5 Bxg2 8. Qh5+ g6 9. fxg6 Bg7 10. gxh7+ Kf8 {- og dommen fra
Stockfish er klar: remis!}) 7. Qe2 Bb4+ (7... Nc6 8. Be3 Nb4 9. Nc3 Nxd3+ 10.
Qxd3 Nxe4 11. Nxe4 f5 12. Ng3 Bxg2 13. N1e2 {ville vært en stilling som Jan
Rune hadde kjent seg hjemme i}) 8. Nc3 O-O 9. Bg5 c5 10. dxc5 {Stockfish vil
ha en springer til f3, aller helst i det forrige trekket} Nc6 (10... Bxc5 {
taper direkte:} 11. e5 h6 12. exf6 hxg5 13. Qh5 {og svart kan bare utsette
matten i maks. 5 trekk ved å ofre materiell}) (10... Bxc3+ 11. bxc3 Na6 12. c6
(12. e5 {fungerer dårlig på grunn av} Qa5) 12... Bxc6 13. Bxa6 Qa5) (10... h6 {
ser naturlig ut, men hvit har svaret klart:} 11. h4 d5 {med en stilling som er
vanskelig å spille for begge parter} ({Ikke} 11... hxg5 12. hxg5 g6 13. Qe3 {
med store problemer for svart})) 11. Nf3 Qa5 12. O-O Ng4 13. e5 {Nå begynner
hvit å få en bra stilling, selv om han risikerer å miste begge merbøndene} Qxc5
$2 (13... Ba6 {forhindrer det angrepet som skjedde i partiet, men hvit har
allikevel klar fordel etter} 14. Bxa6 Qxa6 15. Qxa6 Rxa6 16. Ne4) 14. Qe4 f5
15. exf6 Nxf6 16. Bxf6 Rxf6 17. Qxh7+ {Dommen fra Stockfish er klar: hvit står
til vinst} Kf7 18. Ne4 Qe7 19. Nfg5+ Ke8 20. Nxf6+ Qxf6 {Mange trekk vinner i
denne stillingen, men denne dronningsjakken er ikke blant dem...} 21. Qg8+ $4 (
21. Qh5+ Ke7 22. Ne4 {og bare spille kaldt og rolig videre med kvalitet og 2
sammenhengende fribønder over, var en mer fornuftig plan.}) 21... Ke7 {og
plutselig mister hvit springeren - og hele fordelen} 22. Qf7+ Qxf7 23. Nxf7
Kxf7 24. a3 Ba5 25. Bb5 Ke7 26. Bxc6 Bxc6 {Løperparet er sterkere enn hvits
tårn og 2 bønder.} 27. b4 Bb6 28. Rfd1 Rf8 29. Rd2 Rf4 30. Rb1 Rc4 31. h3 g5
32. b5 Be4 33. Rbd1 d5 34. Kf1 d4 35. f3 Bd5 36. Rb1 e5 37. Rdd1 Rc3 38. Rdc1
Kd6 39. Rxc3 dxc3 40. Rc1 Ba5 41. Ke2 Bc4+ 42. Kf2 Kc7 43. a4 Kd6 0-1

[Event "Klubbmesterskapet 2020 (A)"]
[Site "Ås, Viken NOR"]
[Date "2020.02.13"]
[Round "4"]
[White "Larsen, Jo Ingebrigt"]
[Black "Andersen, Odd"]
[Result "1-0"]
[WhiteElo "1572"]
[BlackElo "1721"]
[Annotator "Lea, Per"]
[PlyCount "95"]
[EventDate "2020.01.16"]

1. d4 Nf6 2. Bf4 {Begges favorittåpning som hvit!} g6 3. Nc3 {Strider litt mot
Londonsystemets ånd (bønder på c3, d4, e3 og kongeløperenpå d3.} d5 4. e3 c5 5.
Nf3 Bg4 6. dxc5 Nc6 7. Bb5 Bg7 8. h3 Bxf3 9. Qxf3 Qa5 10. O-O a6 11. Bd3 Qxc5
12. Bg5 Ne5 13. Qe2 Ned7 14. Rab1 e5 15. e4 d4 16. Na4 Qc7 17. b4 b5 18. Nb2 {
Fianchettospringer?} Nb6 19. a4 bxa4 20. Bxf6 Bxf6 21. Bxa6 O-O 22. b5 {Før
dette trekket har det gjennom hele partiet vekslet mellom liten fordel til
svart og liten fordel for svart, aldri mer enn ca en bonde i hver retning. Med
sitt siste trekk gir hvit motstanderen en fordel som med korrekt spill ville
ha ført til vinst.} a3 23. Nd3 Na4 24. Nb4 {Når Stockfish mener at dette er
det beste trekket for hvit, må det være noe fundamentalt galt med hvits
stilling} Nc3 25. Qf3 Nxb1 26. Nd5 $2 {Fra vondt til verre} (26. Rxb1 {var det
minste av flere onder}) 26... Qd6 (26... Qxc2 {er fullstendig knusende}) 27.
Rxb1 Bg7 28. Ra1 f5 29. Qb3 ({Etter} 29. Qxa3 {er nesten hvit i ferd med å
utlikne}) 29... Kh8 30. exf5 Rad8 31. Bb7 Rxf5 32. Rxa3 Qf8 33. Ra7 Rxf2 34.
Qc4 Bh6 35. b6 Be3 36. Nxe3 dxe3 37. Bf3 Rfd2 $4 ({I etteranalysene var "alle"
enige om at} 37... Rxf3 {ville gi klar fordel for svart, f.eks.:} 38. gxf3 Qxf3
39. Rxh7+ Kxh7 40. Qc7+ Kh6 41. Qxd8 Qg3+ 42. Kh1 Qxh3+ 43. Kg1 Qg3+ 44. Kh1
Qe1+ 45. Kg2 Qd2+ 46. Qxd2 exd2 47. b7 d1=Q 48. b8=Q Qxc2+) ({Men ingen så det
enda mer overbevisende} 37... Qxf3 {hvoretter hvit må ofre masse materiell for
å utsette matten, som inntreffer etter maksimalt 11 trekk} 38. Rxh7+ Kxh7 39.
Qh4+ Kg7 40. Qe7+ Qf7 41. Qxe5+ Kh7 42. Qxe3 Rdd2) 38. b7 (38. Rf7 {er liten
fordel for hvit. Teksttrekket gir en helt lik stilling}) 38... Rd1+ $4 {Nå er
det hvit som står til kliss vinst!} (38... R2d4 39. Qe2 e4 40. Qxe3 exf3 41.
Qe5+ Kg8 42. Qe6+ {og remis ved evig sjakk siden} Qf7 (42... Kg7 43. b8=Q+ {er
matt i høyst 6 trekk}) 43. Qxf7+ Kxf7 44. b8=Q+ Kf6 {vinner lett for hvit}) 39.
Bxd1 Rxd1+ 40. Kh2 Rd8 41. Qe4 Qd6 42. Ra8 Rb8 43. Rxb8+ Qxb8 44. Qc6 e2 45.
Qc8+ Kg7 46. Qxb8 e1=Q 47. Qc7+ Kh6 48. b8=Q {Det er matt i høyst 6 trekk} 1-0

[Event "Klubbmesterskapet 2020 (B)"]
[Site "Ås, Viken NOR"]
[Date "2020.02.13"]
[Round "4"]
[White "Heien, Aksel"]
[Black "Olsen, Trygve"]
[Result "0-1"]
[WhiteElo "1284"]
[BlackElo "1476"]
[Annotator "Lea, Per"]
[PlyCount "88"]
[EventDate "2020.01.16"]

1. e4 e6 2. Nc3 c6 3. d4 Ne7 {Svart stiller seg opp passivt} ({Mer natulig
virker} 3... d5) 4. Nf3 g6 5. Bf4 d6 6. Qd2 h6 7. h3 Bg7 8. O-O-O b5 9. g4 b4
10. Ne2 Qa5 11. Kb1 ({Enda større fordel gir} 11. Bxd6 Qxa2 12. Qxb4 Na6 (12...
Qa1+ $4 13. Kd2 Qa6 14. Bxe7) 13. Qe1 (13. Qc3 Qa1+ 14. Kd2 Qa4 15. b3 Qb5) (
13. Qa3 Qxa3 14. Bxa3 Bb7) 13... Qa1+ 14. Kd2 Qxb2 15. Rb1 Qa2 16. Ra1 Qb2 17.
Nc3 Qb6) 11... e5 12. dxe5 Be6 13. b3 d5 14. Ned4 Bd7 15. e6 fxe6 16. exd5 $2 {
Gir bort hele fordelen} (16. Qe3 dxe4 17. Qxe4 {og} Nd5 {blir et slag i løse
lufta:} 18. Qxg6+ Kd8 19. Qxg7 Nc3+ 20. Kc1 Nxa2+ 21. Kd2) 16... Nxd5 17. Ne2
Bc3 ({Svart bør heller få kongen i sikkerhet:} 17... O-O) 18. Qc1 Rf8 19. Be5
$2 (19. Rd3 {og hvit står fremdeles best}) 19... Rxf3 {Plutselig er det svart
som står best} 20. Bxc3 ({Hvit kan kjempe litt lenger etter} 20. Nxc3 Nxc3+ 21.
Bxc3 bxc3 22. Bd3) 20... Rxc3 {Bare godt hvis hvit slår tilbake} 21. Rxd5 {
Hvit glemmer at det henger et tårn på h1 når svart slår tilbake med dronninga}
(21. Nxc3 $4 Nxc3+ 22. Kb2 Qxa2#) (21. Qxh6) 21... Qxd5 22. Rg1 g5 {Ingen
grunn til å la tårnet bli slått} 23. Nxc3 bxc3 24. Bd3 a5 {Med springer over
skal resten være lett match for svart} 25. Qe3 Ke7 26. Bc4 Qd2 27. Qxd2 cxd2
28. Rd1 Na6 29. Bxa6 Rxa6 30. Rxd2 c5 31. f3 a4 32. h4 a3 33. hxg5 hxg5 34. Rh2
Kf6 35. c4 Rd6 36. Kc2 Bc6 37. Rf2 Ke5 38. Kc3 Kf4 39. b4 Ke3 40. Rh2 Rd3+ 41.
Kc2 cxb4 ({Raskere:} 41... Ba4+ 42. Kc1 Rd1#) 42. Rh3 Rc3+ ({Igjen er} 42...
Ba4+ 43. Kc1 Rd1# {raskere}) 43. Kb1 Bxf3 44. Rh6 Be4+ {Tårnet matter på c1 i
neste trekk} 0-1